The Iliad of Homer /

Uloženo v:
Podrobná bibliografie
Hlavní autor: Homero (autor)
Médium: Kniha
Jazyk:angličtina
Vydáno: Nueva York, EUA : Heritage, 1943, c1943
Témata:
Tagy: Přidat tag
Žádné tagy, Buďte první, kdo vytvoří štítek k tomuto záznamu!

MARC

LEADER 00000nam^a2200000^a^4500
001 000158432
005 20250521000000.0
009 20260310100613.718
037 |a Acervo ITESO - Biblioteca 
041 |a ING 
082 |a 883.  |b HOM 
100 |a Homero  |e (autor) 
240 1 4 |a [La Ilíada] 
240 1 5 |a [The Iliad] 
245 1 4 |a The Iliad of Homer /  |c Homero ; tr. por Alexander Pope ; il. de John Flaxman. 
264 4 |a Nueva York, EUA :  |b Heritage,  |c 1943, c1943 
300 |a XXVIII, 478 p. 
336 |a texto  |b txt  |2 rdacontenido 
337 |a sin mediación  |b n  |2 rdamedio 
338 |a volumen  |b nc  |2 rdasoporte 
545 0 |a Homero, poeta griego a quien la tradición señala como autor de los dos mayores poemas épicos de la antigüedad, la Ilíada (siglos XVII-IX a.C.), crónica de la guerra de Troya y la Odisea (siglos IX-VIII a.C.), relato del viaje de regreso de Ulises u Odiseo a Itaca. Poco se sabe de su vida y existen problemas para la determinación de la época en que vivió y su lugar de origen; según las leyendas antiguas, se trata de un poeta ciego que vivía en la corte de los príncipes y era de condición social claramente inferior a la de sus protectores. La falta de datos biográficos y las diferencias entre ambos poemas, han hecho pensar a los críticos que se trata de recopilaciones de versos de distinto origen; sin embargo, expertos en literatura griega sostienen que la estructura unitaria de los textos y de los caracteres de los personajes más importantes, así como la utilización de un lenguaje similar permite concluir que estas dos sagas, escritas en 24 cantos y compuestas en hexámetros, fueron elaboradas de forma coherente y orgánica por un mismo autor. 
649 |a XX 
650 |a Poesía Epica Latina 
650 |a Poesía Latina 
650 |a Poesía Clásica 
650 |a Literatura Latina 
650 |a Literatura Clásica 
650 |a Literatura Epica 
910 |a Fondo General 
920 |a Impresos - Libros 
930 |a Colección General 
940 |a Literatura 
905 |a 101 
901 |a 0500089621  |b IT1  |c LIT  |u 20250521 
902 |a https://opac.biblio.iteso.mx/vufind/Record/000158432